00421nam a2200157Ia 4500008004100000020001800041040001900059041001200078082002200090245004700112260002600159300001800185650002000203700002400223850001600247131103s9999 xx 000 0 und d a0 7064 1000 9 aLoreto College aEnglish aF/BLAbLCBED/9002 aRomance storiescedited by Elizabeth Bland aLondonbOctopusc1979 a352p c 22cm. aEnglish fiction aBland, Elizabeth;ed aLCBED/F/BLA